| 000 | 00415nam a2200181Ia 4500 | ||
|---|---|---|---|
| 001 | 4267 | ||
| 005 | 20260306145743.0 | ||
| 008 | 260306t2005||||xx |||||||||||||| ||spa|| | ||
| 041 | _aESP | ||
| 082 |
_a320.1 _bH62B |
||
| 100 |
_aHobbes, Thomas _eAUT |
||
| 245 | 0 | _aDel ciudadano y Leviatán | |
| 260 | _c2005 | ||
| 300 |
_a210 páginas : _c20 cm. |
||
| 650 | _aGEN | ||
| 654 | _aCDE | ||
| 942 |
_cLIB _dJUS _fJUS _2ddc _n |
||
| 999 |
_c4267 _d4267 |
||